000 00765nam a2200193Ia 4500
003 GCL
005 20240530110911.0
008 140319s9999 xx 000 0 ara d
040 _aGCL /
_cGCL
082 0 4 _a327.17541
_bم ح
100 1 _aمركز دراسات الوحدة الوطنية
245 1 0 _aحال الامة العربية المؤتمر القومى العربى التاسع :
_b الوثائق - القرارات - البيانات /
_cمركز دراسات الوحدة الوطنية
250 _aالاولى
260 _aبيروت :
_bمركز دراسات الوحدة العربية ،
_c1999
300 _a577 ص؛
_c24 سم
650 0 4 _aالوحدة العربية
650 0 4 _aالقومية العربية
942 _2ddc
_cBK
999 _c66305
_d66305